Education and public policy /

Tallennettuna:
Bibliografiset tiedot
Päätekijä: Harris, Seymour Edwin, 1897-
Yhteisötekijä: John Fitzgerald Kennedy School of Government
Muut tekijät: Levensohn, Alan
Aineistotyyppi: Kirja
Kieli:English
Julkaistu: Berkeley, Calif. : McCutchan Pub. Co. , [1965].
Aiheet:
LEADER 01304nam a2200277 i 4500
001 c000251074
003 CARM
005 00000000000000.0
008 840313s1965 cau 0 eng d
019 1 |a 648663  |z 57743175  |5 LACONCORD2021 
035 |a (OCoLC)184953  |5 LACONCORD2021 
082 0 4 |a 379.73 
100 1 |a Harris, Seymour Edwin,  |d 1897- 
245 1 0 |a Education and public policy /  |c Edited by Seymour E. Harris and Alan Levensohn ; Introd. by Seymour E. Harris. 
260 |a Berkeley, Calif. :  |b McCutchan Pub. Co. ,  |c [1965]. 
300 |a 347 p. 
500 |a Based on a seminar, Education and public policy, given at Harvard University, Graduate School of Public Administration, 1962/63. 
650 0 |a Education and state  |z United States. 
650 0 |a Federal aid to higher education  |z United States. 
700 1 |a Levensohn, Alan. 
710 2 |a John Fitzgerald Kennedy School of Government. 
852 8 |b CARM  |h A1:AP20C0  |i C09175  |p 0370556  |f BK 
852 8 |b CARM  |h A1:AL14D0  |i C10403  |p 0452619  |f BK 
999 f f |i 4ba519d7-4a7c-5fce-aa06-8a6d9abd7e19  |s f65f118a-fe49-57af-a62c-d3b33305206e 
952 f f |p Can circulate  |a CAVAL  |b CAVAL  |c CAVAL  |d CARM 1 Store  |e C09175  |f A1:AP20C0  |h Other scheme  |i book  |m 0370556 
952 f f |p Can circulate  |a CAVAL  |b CAVAL  |c CAVAL  |d CARM 1 Store  |e C10403  |f A1:AL14D0  |h Other scheme  |i book  |m 0452619